LEADER 01158nam0-2200397---450- 001 990000376930203316 005 19990226010647.6 010 $a0-8247-9805-8 035 $a0037693 035 $aUSA010037693 035 $a(ALEPH)000037693USA01 035 $a0037693 100 $a19990226d1997----km-y1itay0103----ba 101 $aeng 102 $aUS 105 $aa|||||||001yy 200 1 $aSurfactants in cosmetics$fedited by Martin M. Rieger, Linda D. Rhein 205 $a2. ed. rev. and expanded 210 $aNew York [etc.]$cMarcel Dekker$dc1997. 215 $aXV, 635 p.$cill.$d24 cm 225 $aSurfactant science series$v68 410 1$12001$aSurfactant science series$v68 606 0 $aCosmetici 676 $a668.55 702 1$aRIEGER,$bMartin M. 702 1$aRHEIN,$bLinda D. 801 0$aIT$bUNFI$c19990226 912 $a990000376930203316 951 $a668.55 SUR$b2549 Farm.$c668$d00070840 959 $aBK 969 $aFAR 979 $aTAMI$b40$c20010327$lUSA01$h1432 979 $c20020403$lUSA01$h1645 979 $aPATRY$b90$c20040406$lUSA01$h1626 996 $aSurfactants in cosmetics$9875237 997 $aUNISA LEADER 01224nam--2200397---450- 001 990000522840203316 005 20050919140716.0 010 $a88-05-03768-0 035 $a0052284 035 $aUSA010052284 035 $a(ALEPH)000052284USA01 035 $a0052284 100 $a20010625d1982----km-y0itay0103----ba 101 $aita 102 $aIT 105 $a||||||||001yy 200 1 $a44 gatti$eguida ai giochi dell'area logico-matematica per la scuola materna$fAlberto De Flora 210 $aTorino$cSocietā editrice internazionale$d1982 215 $a140 p.$c4 c. di tav.; ill.$d19 cm 225 2 $aScuola viva 410 $12001$aScuola viva 606 0 $aScuola materna$xDidattica 606 0 $aMatematica$xInsegnamento$xScuola materna 676 $a372.218 700 1$aDE FLORA,$bAlberto$0546048 801 0$aIT$bsalbc$gISBD 912 $a990000522840203316 951 $aII.4. Coll.20/ 6(VI B COLL. 53/9)$b130698 LM$cVI B COLL. 959 $aBK 969 $aUMA 979 $aPATTY$b90$c20010625$lUSA01$h1324 979 $c20020403$lUSA01$h1701 979 $aPATRY$b90$c20040406$lUSA01$h1636 979 $aCOPAT6$b90$c20050919$lUSA01$h1407 996 $a44 gatti$9886594 997 $aUNISA LEADER 04440oam 22011894 450 001 9910165035803321 005 20250426110500.0 010 $a9781475576283 010 $a1475576285 010 $a9781475576320 010 $a1475576323 035 $a(CKB)3710000001064751 035 $a(MiAaPQ)EBC4807097 035 $a(IMF)1GRCEA2017003 035 $a1GRCEA2017003 035 $a(EXLCZ)993710000001064751 100 $a20020129d2017 uf 0 101 0 $aeng 135 $aurcnu|||||||| 181 $2rdacontent 182 $2rdamedia 183 $2rdacarrier 200 10$aGreece : $eEx-Post Evaluation of Exceptional Access Under the 2012 Extended Arrangement-Press Release; Staff Report;and Statement by the Executive Director for Greece 210 1$aWashington, D.C. :$cInternational Monetary Fund,$d2017. 215 $a1 online resource (77 pages) $cillustrations (some color), tables, graphs 225 1 $aIMF Staff Country Reports 311 08$a9781475576252 311 08$a1475576250 320 $aIncludes bibliographical references. 330 3 $aThis paper discusses Greece?s Ex Post Evaluation of Exceptional Access Under the 2012 Extended Arrangement. Greece has made significant progress in unwinding its macroeconomic imbalances since the onset of its financial crisis. However, extensive fiscal consolidation and internal devaluation have come at a high cost to society, reflected in declining incomes and exceptionally high unemployment. On the basis of Greece?s current policy adjustment program, long-term growth is expected to reach slightly lower than 1 percent, and the primary fiscal surplus is projected to come in at about 1.5 percent of GDP. Downside risks to the macroeconomic and fiscal outlook remain significant, related to incomplete or delayed policy implementation. 410 0$aIMF Staff Country Reports; Country Report ;$vNo. 2017/044 606 $aBanks and Banking$2imf 606 $aExports and Imports$2imf 606 $aFinancial Risk Management$2imf 606 $aMacroeconomics$2imf 606 $aPublic Finance$2imf 606 $aDebt$2imf 606 $aDebt Management$2imf 606 $aSovereign Debt$2imf 606 $aFiscal Policy$2imf 606 $aInstitutions and the Macroeconomy$2imf 606 $aBanks$2imf 606 $aDepository Institutions$2imf 606 $aMicro Finance Institutions$2imf 606 $aMortgages$2imf 606 $aInternational Lending and Debt Problems$2imf 606 $aPublic finance & taxation$2imf 606 $aFinance$2imf 606 $aBanking$2imf 606 $aInternational economics$2imf 606 $aPublic debt$2imf 606 $aFiscal consolidation$2imf 606 $aDebt relief$2imf 606 $aStructural reforms$2imf 606 $aFiscal policy$2imf 606 $aAsset and liability management$2imf 606 $aMacrostructural analysis$2imf 606 $aDebt sustainability$2imf 606 $aExternal debt$2imf 606 $aDebts, Public$2imf 606 $aDebts, External$2imf 606 $aBanks and banking$2imf 607 $aGreece$vGuidebooks 607 $aGreece$xDescription and travel 607 $aGreece$2imf 615 7$aBanks and Banking 615 7$aExports and Imports 615 7$aFinancial Risk Management 615 7$aMacroeconomics 615 7$aPublic Finance 615 7$aDebt 615 7$aDebt Management 615 7$aSovereign Debt 615 7$aFiscal Policy 615 7$aInstitutions and the Macroeconomy 615 7$aBanks 615 7$aDepository Institutions 615 7$aMicro Finance Institutions 615 7$aMortgages 615 7$aInternational Lending and Debt Problems 615 7$aPublic finance & taxation 615 7$aFinance 615 7$aBanking 615 7$aInternational economics 615 7$aPublic debt 615 7$aFiscal consolidation 615 7$aDebt relief 615 7$aStructural reforms 615 7$aFiscal policy 615 7$aAsset and liability management 615 7$aMacrostructural analysis 615 7$aDebt sustainability 615 7$aExternal debt 615 7$aDebts, Public 615 7$aDebts, External 615 7$aBanks and banking 676 $a914.950476 801 0$bDcWaIMF 906 $aBOOK 912 $a9910165035803321 996 $aGREECE$9112492 997 $aUNINA